MARC details
| 000 -LEADER |
| fixed length control field |
01104nam a22002537a 4500 |
| 003 - CONTROL NUMBER IDENTIFIER |
| control field |
OSt |
| 005 - DATE AND TIME OF LATEST TRANSACTION |
| control field |
20260318185950.0 |
| 008 - FIXED-LENGTH DATA ELEMENTS--GENERAL INFORMATION |
| fixed length control field |
250925b |||||||| |||| 00| 0 eng d |
| 040 ## - CATALOGING SOURCE |
| Transcribing agency |
0 |
| 082 ## - DEWEY DECIMAL CLASSIFICATION NUMBER |
| Classification number |
DPer 370.15 J826 October-November 2019 v. 111 n. 7-8 |
| 100 ## - MAIN ENTRY--PERSONAL NAME |
| Personal name |
Fiorella, Logan. |
| Relator term |
author. |
| 9 (RLIN) |
48573 |
| 245 ## - TITLE STATEMENT |
| Title |
Instructor presence in video lectures : |
| Remainder of title |
the role of dynamic drawings, eye contact, and instructor visibility / |
| Statement of responsibility, etc. |
Logan Fiorella, Andrew T. Stull, Shelbi Kuhlmann, and Richard E. Mayer. |
| 260 ## - PUBLICATION, DISTRIBUTION, ETC. (IMPRINT) |
| Place of publication, distribution, etc. |
Washington, DC ; |
| Name of publisher, distributor, etc. |
American Psychological Association , |
| Date of publication, distribution, etc. |
October 2019. |
| 300 ## - PHYSICAL DESCRIPTION |
| Extent |
Volume 111, pages 1162-1171 : |
| Other physical details |
illustration ; |
| Dimensions |
28 cm. |
| 500 ## - GENERAL NOTE |
| General note |
Journal of Educational Psychology, vol. 111, no. 7, pages 1162-1171, October 2019. |
| 650 #0 - SUBJECT ADDED ENTRY--TOPICAL TERM |
| Topical term or geographic name as entry element |
College faculty. |
| 9 (RLIN) |
64999 |
| 650 #0 - SUBJECT ADDED ENTRY--TOPICAL TERM |
| Topical term or geographic name as entry element |
Instructional effectiveness. |
| 9 (RLIN) |
64936 |
| 650 #0 - SUBJECT ADDED ENTRY--TOPICAL TERM |
| Topical term or geographic name as entry element |
Nonverbal communications. |
| 9 (RLIN) |
49759 |
| 700 ## - ADDED ENTRY--PERSONAL NAME |
| Personal name |
Fiorella, Logan. |
| Relator term |
author. |
| 9 (RLIN) |
48573 |
| 700 ## - ADDED ENTRY--PERSONAL NAME |
| Personal name |
Stull, Andrew T. |
| 9 (RLIN) |
20770 |
| 700 ## - ADDED ENTRY--PERSONAL NAME |
| Personal name |
Kuhlmann, Shelbi. |
| Relator term |
author. |
| 9 (RLIN) |
48577 |
| 700 ## - ADDED ENTRY--PERSONAL NAME |
| Personal name |
Mayer, Richard E. |
| Relator term |
author. |
| 9 (RLIN) |
48620 |
| 942 ## - ADDED ENTRY ELEMENTS (KOHA) |
| Source of classification or shelving scheme |
Dewey Decimal Classification |
| Koha item type |
Periodicals |